Textúra a subštruktúra Si-ocele s orientovaným zrnom

Bibliographic Details
Main Authors: Horňák, Peter, 1966- (Author), Zrník, Jozef, 1946- (Author), Kováč, F. (Author)
Format: Article
Language:Slovak
PhysicalDescription:Obr. 15, lit. 6 zázn. v angl.
ISSN:1335-1532
Subjects:

MARC

LEADER 00000nab a2200000 a 4500
001 vtls000640115
003 SK-MaSNL
005 20260304091635.0
008 250425c xo 0 slo
015 |a SNBRB19rr/mm-uuuuu 
035 |a CL0640254 
035 |a urn:nbn:sk:snk-abd358 
035 |a (urnnbn)urn:nbn:sk:snk:ar-005bhj 
035 |a (uuid)53f3f32e-2087-4b67-b3ae-afcfec5b0109 
040 |a SNKBUCL  |b slo  |c SNKBUCL  |e AACR2 
041 0 |a slo 
044 |a xo  |c SK 
080 |a 621.7.011:669.141.247:548.5:620.18  |2 1981 
080 |a 669.141.247  |2 1981 
080 |a 548.5  |2 1981 
080 |a 620.18  |2 1981 
245 0 0 |a Textúra a subštruktúra Si-ocele s orientovaným zrnom  |c P. Horňák, J. Zrník, F. Kováč 
300 |b Obr. 15, lit. 6 zázn. v angl. 
650 0 7 |a ocele elektrotechnické orientované Si  |2 snkbucl  |9 1384318 
655 7 |a články z novín a časopisov  |2 snkbucl  |9 267496 
700 1 |a Horňák, Peter,  |d 1966-  |4 aut  |9 211551 
700 1 |a Zrník, Jozef,  |d 1946-  |4 aut  |9 201731 
700 1 |a Kováč, F.  |4 aut  |9 346716 
773 0 |t Acta metallurgica slovaca  |g Roč. 3, č. mimoriadne (1/2) (1997), s. 33-39  |x 1335-1532 
850 |a Slovenská národná knižnica 
852 |a Slovenská národná knižnica 
954 |a odborná, vedecká literatúra pôvodná (slovenská)  |2 lita 
958 |a article17 
958 |a NB 
958 |a RK 
958 |a OND 
958 |a EUIPO 
992 |a RBX 
999 |c 2816111  |d 2818041